| 000 -LEADER |
| fixed length control field |
01092cam a2200325 a 4500 |
| 001 - CONTROL NUMBER |
| control field |
016673648 |
| 003 - CONTROL NUMBER IDENTIFIER |
| control field |
UkOxU |
| 005 - DATE AND TIME OF LATEST TRANSACTION |
| control field |
20230713111332.0 |
| 008 - FIXED-LENGTH DATA ELEMENTS--GENERAL INFORMATION |
| fixed length control field |
031113r20041998enka j 000 0 eng |
| 015 ## - NATIONAL BIBLIOGRAPHY NUMBER |
| National bibliography number |
GBA4Y8145 |
| Source |
bnb |
| 020 ## - INTERNATIONAL STANDARD BOOK NUMBER |
| International Standard Book Number |
9780749656515 (pbk.) |
| 035 ## - SYSTEM CONTROL NUMBER |
| System control number |
(Uk)006928685 |
| 040 ## - CATALOGING SOURCE |
| Modifying agency |
Uk |
| -- |
KH8 |
| Transcribing agency |
StDuBDS |
| 042 ## - AUTHENTICATION CODE |
| Authentication code |
ukblsr |
| 082 04 - DEWEY DECIMAL CLASSIFICATION NUMBER |
| Classification number |
823.19 PAR |
| Edition number |
22 |
| 100 1# - MAIN ENTRY--PERSONAL NAME |
| Personal name |
Parker, Victoria. |
| Relator term |
Author |
| 245 10 - TITLE STATEMENT |
| Title |
Who are you? : |
| Remainder of title |
on the farm / |
| Statement of responsibility, etc. |
Vic Parker and Ross Collins. |
| 246 18 - VARYING FORM OF TITLE |
| Title proper/short title |
Who are you? on the farm |
| 246 30 - VARYING FORM OF TITLE |
| Title proper/short title |
On the farm |
| 260 ## - PUBLICATION, DISTRIBUTION, ETC. |
| Place of publication, distribution, etc. |
London : |
| Name of publisher, distributor, etc. |
Watts, |
| Date of publication, distribution, etc. |
2004. |
| 300 ## - PHYSICAL DESCRIPTION |
| Extent |
[20] p. : |
| Other physical details |
col. ill. ; |
| Dimensions |
21 cm. |
| 500 ## - GENERAL NOTE |
| General note |
"Produced in association with the Early Childhood Centre, Froebel Institute College, Roehampton Institute"--back cover. |
| 500 ## - GENERAL NOTE |
| General note |
Originally published as: On the farm. 1998. |
| 650 #0 - SUBJECT ADDED ENTRY--TOPICAL TERM |
| Topical term or geographic name entry element |
Domestic animals |
| Form subdivision |
Juvenile literature. |
| 700 1# - ADDED ENTRY--PERSONAL NAME |
| Personal name |
Collins, Ross. |
| Relator term |
Author |
| 700 1# - ADDED ENTRY--PERSONAL NAME |
| Personal name |
Collins, Ross. |
| Title of a work |
On the farm. |
| 710 2# - ADDED ENTRY--CORPORATE NAME |
| Corporate name or jurisdiction name as entry element |
Early Childhood Centre (Froebel Institute College) |
| 830 #0 - SERIES ADDED ENTRY--UNIFORM TITLE |
| Uniform title |
Me and my world |
| 942 ## - ADDED ENTRY ELEMENTS (KOHA) |
| Source of classification or shelving scheme |
|
| Koha item type |
Books |